[Event "DSM WK M 2011"]
[Site "Karlsruhe GER"]
[Date "2011.05.13"]
[Round "2"]
[White "Brandl, Lea Maria"]
[Black "Raab, Helen"]
[Result "1/2-1/2"]
[Termination "normal"]
[Board "1.1"]
[WhiteElo "1541"]
[BlackElo "1884"]
[WhiteTeam "Marienschule Limburg"]
[BlackTeam "Gymnasium Mainz-Gonsenheim"]
[PlyCount "89"]
[WhiteFideId "24693049"]
[BlackFideId "24653608"]
[EventCountry "GER"]
[EventRounds "7"]
[EventType "team-swiss"]
[EventDate "2011.05.12"]

1. d4 d5 2. c4 e6 3. Nc3 Nf6 4. Bg5 Be7 5. e3 O-O 6. Nf3 b6 7. Bd3 dxc4 8. Bxc4
Bb7 9. O-O Nbd7 10. Qe2 Ne4 11. Nxe4 Bxe4 12. Bf4 Bd6 13. Bg3 Qe7 14. Rfd1 Bxg3
15. hxg3 c5 16. Rac1 Rfd8 17. Bb5 Rac8 18. Nd2 Bb7 19. Nc4 cxd4 20. Rxd4 e5 21.
Rdd1 Nc5 22. Rxd8+ Rxd8 23. Nd2 a6 24. Bc4 b5 25. Bb3 Qd6 26. Nf3 Nxb3 27. axb3
f6 28. Kf1 Be4 29. Kg1 Qd5 30. b4 g5 31. g4 Qd6 32. Qe1 Bb7 33. Ra1 Bc8 34. Nh2
Be6 35. Rc1 Bc4 36. Nf3 Kf7 37. Kh1 Kg6 38. Kg1 h5 39. gxh5+ Kxh5 40. Nh2 Kg6
41. e4 Qd4 42. Ng4 Qxb2 43. Ne3 Rd4 44. Nf5 Rd2 45. Rb1 1/2-1/2

[Event "DSM WK M 2011"]
[Site "Karlsruhe GER"]
[Date "2011.05.13"]
[Round "2"]
[White "Efinger, Leila"]
[Black "Bajorski, Maria Sophie"]
[Result "0-1"]
[Termination "normal"]
[Board "1.2"]
[WhiteElo "1069"]
[BlackElo "1455"]
[WhiteTeam "Gymnasium Mainz-Gonsenheim"]
[BlackTeam "Marienschule Limburg"]
[PlyCount "56"]
[WhiteFideId "12931705"]
[BlackFideId "24654531"]
[EventCountry "GER"]
[EventRounds "7"]
[EventType "team-swiss"]
[EventDate "2011.05.12"]

1. d4 d5 2. Bf4 Bf5 3. e3 e6 4. Nf3 c5 5. c3 Nc6 6. Nbd2 Nf6 7. Ne5 Bd6 8. Ndf3
O-O 9. Qd2 cxd4 10. exd4 Qc7 11. Bd3 Bxd3 12. Qxd3 Ne4 13. Qe2 Nxe5 14. Nxe5 f6
15. f3 fxe5 16. dxe5 Rxf4 17. exd6 Qxd6 18. O-O Nc5 19. Rad1 Qb6 20. Rfe1 Nd3+
21. Kf1 Nxe1 22. Rxe1 Re8 23. b4 Rc4 24. Qd3 Qc6 25. Re3 Qa6 26. Qe2 Rc6 27.
Kg1 Qxe2 28. Rxe2 Rxc3 0-1

[Event "DSM WK M 2011"]
[Site "Karlsruhe GER"]
[Date "2011.05.13"]
[Round "2"]
[White "Heinz, Michelle"]
[Black "Liedel, Linda"]
[Result "0-1"]
[Termination "normal"]
[Board "1.3"]
[WhiteElo "1234"]
[BlackElo "898"]
[WhiteTeam "Marienschule Limburg"]
[BlackTeam "Gymnasium Mainz-Gonsenheim"]
[PlyCount "76"]
[WhiteFideId "1271782"]
[EventCountry "GER"]
[EventRounds "7"]
[EventType "team-swiss"]
[EventDate "2011.05.12"]

1. e4 e5 2. Nf3 Nc6 3. Nc3 Nf6 4. Bb5 a6 5. Bxc6 dxc6 6. d3 Bg4 7. Bg5 Be7 8.
h3 Bh5 9. g4 Bg6 10. Nxe5 h6 11. Bh4 Nd7 12. Nxg6 fxg6 13. Bg3 O-O 14. Qd2 Bd6
15. f4 g5 16. Ne2 a5 17. a3 Be7 18. O-O-O b5 19. Rh2 b4 20. a4 Qb8 21. Nd4 c5
22. Nc6 Qe8 23. Nxe7+ Qxe7 24. h4 Qf7 25. fxg5 Qa2 26. Qe3 Qxa4 27. b3 Qa1+ 28.
Kd2 Qc3+ 29. Ke2 Qxc2+ 30. Ke1 Qxb3 31. Qd2 c4 32. Qa2 Qxa2 33. Rxa2 c3 34. Rc2
a4 35. Rb1 Rfb8 36. Kd1 a3 37. Kc1 a2 38. Ra1 b3 0-1

[Event "DSM WK M 2011"]
[Site "Karlsruhe GER"]
[Date "2011.05.13"]
[Round "2"]
[White "Beck, Clara"]
[Black "Schröder, Janina"]
[Result "1/2-1/2"]
[Termination "normal"]
[Board "1.4"]
[WhiteElo "812"]
[BlackElo "1065"]
[WhiteTeam "Gymnasium Mainz-Gonsenheim"]
[BlackTeam "Marienschule Limburg"]
[PlyCount "87"]
[BlackFideId "24693138"]
[EventCountry "GER"]
[EventRounds "7"]
[EventType "team-swiss"]
[EventDate "2011.05.12"]

1. e4 e5 2. Nf3 Nc6 3. Nc3 Bb4 4. d4 exd4 5. Nxd4 Nf6 6. Qd3 O-O 7. Bd2 Re8 8.
O-O-O Bxc3 9. Bxc3 Nxe4 10. Qf3 Qg5+ 11. Kb1 d6 12. Bd3 Nxc3+ 13. bxc3 Bg4 14.
Qg3 h6 15. f3 Be6 16. Qxg5 hxg5 17. Nb5 Rec8 18. h4 a6 19. Nd4 Nxd4 20. cxd4 g4
21. f4 Bd5 22. Rd2 c5 23. Bf5 Be6 24. Bxe6 fxe6 25. d5 e5 26. fxe5 dxe5 27. d6
Rd8 28. Re1 b6 29. Rxe5 Ra7 30. h5 Rad7 31. Re6 Kf7 32. Rg6 b5 33. Rf2+ Kg8 34.
Rd2 c4 35. Kb2 b4 36. c3 a5 37. a3 bxa3+ 38. Kxa3 Rb7 39. Rxg4 Rb3+ 40. Ka2
Rxc3 41. d7 a4 42. Re4 Kf8 43. Re8+ Rxe8 44. d8=Q 1/2-1/2

[Event "DSM WK M 2011"]
[Site "Karlsruhe GER"]
[Date "2011.05.13"]
[Round "2"]
[White "Triantafillidis, Katherina"]
[Black "Evers, Annika"]
[Result "0-1"]
[Termination "normal"]
[Board "2.1"]
[WhiteElo "1290"]
[BlackElo "1708"]
[WhiteTeam "Elly-Heuss-Knapp-Gymnasium Heilbronn"]
[BlackTeam "Athenaeum Stade"]
[PlyCount "120"]
[WhiteFideId "24692409"]
[BlackFideId "24691933"]
[EventCountry "GER"]
[EventRounds "7"]
[EventType "team-swiss"]
[EventDate "2011.05.12"]

1. e4 c5 2. Nf3 e6 3. d4 cxd4 4. Nxd4 Nf6 5. Nc3 Nc6 6. Bg5 Bb4 7. Nxc6 bxc6 8.
e5 Qa5 9. Bd2 Qxe5+ 10. Qe2 Qxe2+ 11. Bxe2 O-O 12. a3 Be7 13. O-O d5 14. Bg5 a5
15. Rad1 Ba6 16. Bxa6 Rxa6 17. Rfe1 Rb6 18. Na4 Rb7 19. Rd3 c5 20. Rg3 c4 21.
Rb1 Ne4 22. Bxe7 Rxe7 23. Re3 Rb7 24. f3 Nd6 25. b3 cxb3 26. cxb3 Nc4 27. Ree1
Nxa3 28. Nc5 Rc7 29. Rbc1 Rfc8 30. Nd3 Rxc1 31. Rxc1 Rxc1+ 32. Nxc1 Kf8 33. Kf2
Ke7 34. Ke3 Kd6 35. f4 Nc2+ 36. Kd3 Nb4+ 37. Kd4 f6 38. Ne2 e5+ 39. fxe5+ fxe5+
40. Kc3 Kc5 41. Kd2 Nc6 42. Nc1 Kb4 43. Ke3 a4 44. bxa4 Kxa4 45. Nd3 Kb3 46.
Nc5+ Kc4 47. Ne6 g6 48. Ng5 h5 49. Nf3 d4+ 50. Ke2 e4 51. Nd2+ Kd5 52. h3 e3
53. Nf3 Ne5 54. Ne1 Ke4 55. g3 d3+ 56. Kd1 Nf3 57. Nxf3 Kxf3 58. Ke1 e2 59. g4
hxg4 60. hxg4 g5 0-1

[Event "DSM WK M 2011"]
[Site "Karlsruhe GER"]
[Date "2011.05.13"]
[Round "2"]
[White "Lange, Anika"]
[Black "Triantafillidis, Zoé"]
[Result "1-0"]
[Termination "normal"]
[Board "2.2"]
[WhiteElo "1450"]
[BlackElo "1187"]
[WhiteTeam "Athenaeum Stade"]
[BlackTeam "Elly-Heuss-Knapp-Gymnasium Heilbronn"]
[PlyCount "83"]
[WhiteFideId "24693405"]
[BlackFideId "12900150"]
[EventCountry "GER"]
[EventRounds "7"]
[EventType "team-swiss"]
[EventDate "2011.05.12"]

1. d4 d5 2. Nf3 Nf6 3. e3 Bg4 4. Nbd2 Nc6 5. Bd3 e6 6. O-O Bd6 7. b3 Qe7 8. Bb2
e5 9. dxe5 Bxe5 10. Bxe5 Nxe5 11. Be2 Nxf3+ 12. Nxf3 O-O 13. h3 Bh5 14. Rc1
Rad8 15. Qe1 Qc5 16. c4 c6 17. cxd5 Qxd5 18. Qb4 Rd7 19. Rfd1 Qe4 20. Qc5 b6
21. Qxc6 Rxd1+ 22. Bxd1 Qxc6 23. Rxc6 Rd8 24. Rc1 h6 25. Kf1 Bxf3 26. Bxf3 Rd2
27. Rc8+ Kh7 28. a4 Rb2 29. Rc7 Kg6 30. Rxa7 Rxb3 31. Rb7 Ra3 32. Rxb6 Rxa4 33.
Rd6 Kf5 34. Rd8 g6 35. Ke1 Ra2 36. Rf8 Ke6 37. Rh8 h5 38. g4 hxg4 39. Bxg4+
Nxg4 40. hxg4 Ra1+ 41. Ke2 Rg1 42. f3 1-0

[Event "DSM WK M 2011"]
[Site "Karlsruhe GER"]
[Date "2011.05.13"]
[Round "2"]
[White "Graf, Janine"]
[Black "Steffens, Skrolan"]
[Result "0-1"]
[Termination "time forfeit"]
[Board "2.3"]
[WhiteElo "864"]
[BlackElo "1353"]
[WhiteTeam "Elly-Heuss-Knapp-Gymnasium Heilbronn"]
[BlackTeam "Athenaeum Stade"]
[PlyCount "104"]
[EventCountry "GER"]
[EventRounds "7"]
[EventType "team-swiss"]
[EventDate "2011.05.12"]

1. e4 g6 2. d4 Bg7 3. c3 d6 4. Bf4 a6 5. Nf3 b5 6. a4 c6 7. Nbd2 Bb7 8. Bd3 Nd7
9. O-O e5 10. Bg5 f6 11. Bh4 g5 12. Bg3 h5 13. h3 Ne7 14. Re1 Qc7 15. Rc1 O-O-O
16. b4 Rh6 17. Qb3 g4 18. Qf7 gxf3 19. Qxg7 Ng8 20. Nxf3 Nb6 21. Qxc7+ Kxc7 22.
a5 Na4 23. Nh4 Ne7 24. Nf5 Nxf5 25. exf5 Rg8 26. Bh4 Bc8 27. c4 Nb2 28. Be4
Nxc4 29. Red1 d5 30. Bb1 e4 31. f3 Bxf5 32. Kf2 e3+ 33. Kf1 Nd2+ 34. Ke2 Nxb1
35. Kxe3 Rxg2 36. Bf2 Na3 37. Re1 Rh7 38. Bg1 Bxh3 39. Kd3 Rg3 40. Re3 Nc4 41.
Re2 Rxf3+ 42. Kc2 Bf5+ 43. Kd1 Rf1+ 44. Re1 Rxe1+ 45. Kxe1 Re7+ 46. Kf2 Nb2 47.
Bh2+ Kb7 48. Bd6 Re4 49. Rg1 Bg4 50. Re1 Nd3+ 51. Kf1 Rxe1+ 52. Kg2 Re3 0-1

[Event "DSM WK M 2011"]
[Site "Karlsruhe GER"]
[Date "2011.05.13"]
[Round "2"]
[White "Gerdts, Martina"]
[Black "Wolf, Isabelle"]
[Result "1-0"]
[Termination "normal"]
[Board "2.4"]
[WhiteElo "780"]
[BlackElo "800"]
[WhiteTeam "Athenaeum Stade"]
[BlackTeam "Elly-Heuss-Knapp-Gymnasium Heilbronn"]
[PlyCount "53"]
[WhiteFideId "12930628"]
[EventCountry "GER"]
[EventRounds "7"]
[EventType "team-swiss"]
[EventDate "2011.05.12"]

1. d4 d5 2. c4 c5 3. dxc5 e5 4. cxd5 Bf5 5. Nf3 Bxb1 6. Rxb1 f6 7. b4 Qe7 8. e4
b6 9. Bb5+ Kd8 10. d6 Qe6 11. a3 Nh6 12. O-O Nf7 13. Be3 Qc4 14. Bxc4 Kd7 15.
Bb5+ Kd8 16. d7 Nxd7 17. Bxd7 Rb8 18. c6 Kc7 19. Rc1 a5 20. bxa5 bxa5 21. Be6
Nd6 22. Qd5 Rb5 23. Rc5 h5 24. Rxb5 h4 25. Bb6+ Kb8 26. Bc5+ Nxb5 27. Qd8# 1-0

[Event "DSM WK M 2011"]
[Site "Karlsruhe GER"]
[Date "2011.05.13"]
[Round "2"]
[White "Kluge, Leyla"]
[Black "Hund, Sarah"]
[Result "1-0"]
[Termination "normal"]
[Board "3.1"]
[WhiteElo "1426"]
[BlackElo "1248"]
[WhiteTeam "Clemens-Winkler-Gymnasium Aue"]
[BlackTeam "Rotteck-Gymnasium Freiburg"]
[PlyCount "127"]
[WhiteFideId "12918172"]
[BlackFideId "12923338"]
[EventCountry "GER"]
[EventRounds "7"]
[EventType "team-swiss"]
[EventDate "2011.05.12"]

1. c4 e6 2. Nc3 Nf6 3. g3 d5 4. cxd5 Nxd5 5. Bg2 Be7 6. d3 O-O 7. Nf3 Nc6 8.
O-O Nf6 9. Bf4 Bd6 10. Bg5 Bd7 11. Ne4 Re8 12. Bxf6 gxf6 13. a3 Ne5 14. Qc2 Kh8
15. Rac1 Bc6 16. d4 Ng6 17. Rfe1 Rc8 18. Red1 Qe7 19. Nc5 Bxc5 20. Qxc5 Qxc5
21. Rxc5 Rcd8 22. b4 a6 23. e3 Ne7 24. Nd2 Nd5 25. Ne4 Kg7 26. Nc3 Nxc3 27.
Rxc3 Bxg2 28. Kxg2 c6 29. Rdc1 e5 30. dxe5 fxe5 31. Rc5 f6 32. R5c4 Rd3 33.
R1c3 Rxc3 34. Rxc3 Rd8 35. Kf3 Kf7 36. Ke2 Ke6 37. h3 Rd5 38. Rc4 Kf7 39. Rh4
Kg6 40. Rg4+ Kf7 41. h4 h5 42. Rc4 Kg6 43. f3 f5 44. e4 fxe4 45. Rxe4 b6 46.
Rc4 c5 47. bxc5 bxc5 48. g4 Rd4 49. gxh5+ Kxh5 50. Rxc5 Kxh4 51. Rxe5 Ra4 52.
Re3 Kg5 53. Rb3 Kf4 54. Rb4+ Rxb4 55. axb4 Ke5 56. Kd3 Kf4 57. Kc4 Kxf3 58. Kc5
Ke4 59. Kb6 Kd5 60. Kxa6 Kc6 61. b5+ Kc7 62. Ka7 Kd6 63. b6 Kc5 64. b7 1-0

[Event "DSM WK M 2011"]
[Site "Karlsruhe GER"]
[Date "2011.05.13"]
[Round "2"]
[White "Krißmer, Maria"]
[Black "Schmieder, Michelle"]
[Result "1-0"]
[Termination "normal"]
[Board "3.2"]
[WhiteElo "1006"]
[BlackElo "1217"]
[WhiteTeam "Rotteck-Gymnasium Freiburg"]
[BlackTeam "Clemens-Winkler-Gymnasium Aue"]
[PlyCount "73"]
[EventCountry "GER"]
[EventRounds "7"]
[EventType "team-swiss"]
[EventDate "2011.05.12"]

1. e4 e5 2. Nf3 Nc6 3. Bc4 Bc5 4. c3 Nf6 5. d4 exd4 6. cxd4 Bb4+ 7. Bd2 Nxe4 8.
Nc3 Nxc3 9. bxc3 Be7 10. Qe2 O-O 11. O-O d5 12. Bd3 Be6 13. Rab1 b6 14. Bb5 Nb8
15. Ne5 Qd6 16. Qd1 c6 17. Bd3 Nd7 18. Bf4 Nxe5 19. dxe5 Qd7 20. Qh5 g6 21. Qh6
Rfe8 22. Rfe1 Bf8 23. Qg5 Bg7 24. Re3 d4 25. cxd4 Qxd4 26. Be4 Rac8 27. Rc1 c5
28. Bb7 Rc7 29. Ba6 Bxa2 30. Bb5 Ree7 31. e6 f6 32. Qg4 Rc8 33. Bd7 Rd8 34. Rd1
Qb4 35. h3 Bxe6 36. Bxe6+ Rxe6 37. Qxe6+ 1-0

[Event "DSM WK M 2011"]
[Site "Karlsruhe GER"]
[Date "2011.05.13"]
[Round "2"]
[White "Münzner, Jasmin"]
[Black "Atabay, Hatun"]
[Result "1/2-1/2"]
[Termination "normal"]
[Board "3.3"]
[WhiteElo "1100"]
[BlackElo "992"]
[WhiteTeam "Clemens-Winkler-Gymnasium Aue"]
[BlackTeam "Rotteck-Gymnasium Freiburg"]
[PlyCount "55"]
[BlackFideId "12929603"]
[EventCountry "GER"]
[EventRounds "7"]
[EventType "team-swiss"]
[EventDate "2011.05.12"]

1. e4 e5 2. Nf3 Nc6 3. Bb5 Nf6 4. d3 Bc5 5. O-O O-O 6. Qe2 Bd4 7. c3 Bc5 8. Be3
Bb6 9. Bxc6 dxc6 10. Nxe5 Qe7 11. Nf3 Bg4 12. Nbd2 Rad8 13. d4 Nh5 14. h3 Qh4
15. hxg4 Qxg4 16. Rad1 c5 17. d5 c6 18. dxc6 bxc6 19. Rfe1 Bc7 20. Bxc5 Nf4 21.
Qf1 Rfe8 22. Nh2 Qh5 23. Ndf3 Rxd1 24. Rxd1 Rxe4 25. Bd6 Ne2+ 26. Kh1 Bd8 27.
g4 Rxg4 28. Qxe2 1/2-1/2

[Event "DSM WK M 2011"]
[Site "Karlsruhe GER"]
[Date "2011.05.13"]
[Round "2"]
[White "Langner, Helen"]
[Black "Koller, Vivien"]
[Result "0-1"]
[Termination "normal"]
[Board "3.4"]
[WhiteElo "800"]
[BlackElo "837"]
[WhiteTeam "Rotteck-Gymnasium Freiburg"]
[BlackTeam "Clemens-Winkler-Gymnasium Aue"]
[PlyCount "111"]
[EventCountry "GER"]
[EventRounds "7"]
[EventType "team-swiss"]
[EventDate "2011.05.12"]

1. e4 e5 2. Nf3 Nc6 3. Nc3 Nf6 4. Bb5 Bd6 5. O-O O-O 6. d3 h6 7. Be3 a6 8. Bxc6
bxc6 9. b3 Bb4 10. Bd2 Ra7 11. a3 Bc5 12. Qc1 Ng4 13. h3 Nf6 14. Be3 Bd6 15.
Bxa7 Nh5 16. b4 Re8 17. Be3 Re6 18. Ne2 Rg6 19. c4 Qe8 20. Qb2 Qe6 21. c5 Be7
22. Nxe5 Rf6 23. d4 d5 24. exd5 Qf5 25. dxc6 Re6 26. Qb1 Qf6 27. Qe4 Kf8 28. a4
a5 29. bxa5 Ba6 30. Ra2 Bxe2 31. Rxe2 Kg8 32. Rb2 Bf8 33. Qf3 Re8 34. Qxh5 Be7
35. Qf3 Rd8 36. Qxf6 Bxf6 37. Nd7 Kh7 38. Rb8 Rh8 39. Rxh8+ Kxh8 40. Nxf6 gxf6
41. Bxh6 Kh7 42. Bf4 Kg8 43. Bxc7 f5 44. Re1 Kh7 45. Kh2 Kh6 46. Kg3 Kg5 47.
Kf3 f4 48. Bxf4+ Kg6 49. Bc7 Kf5 50. Re4 Kg6 51. Re5 Kh7 52. Rd5 Kh6 53. Kg4
Kg6 54. Rd6+ Kg7 55. Kg5 f6+ 56. Rxf6 1-0

[Event "DSM WK M 2011"]
[Site "Karlsruhe GER"]
[Date "2011.05.13"]
[Round "2"]
[White "Frey, Alisa"]
[Black "Hoffner, Rieke"]
[Result "1-0"]
[Termination "normal"]
[Board "4.1"]
[WhiteElo "2014"]
[BlackElo "800"]
[WhiteTeam "Lise-Meitner-Gymnasium Königsbach-Stein"]
[BlackTeam "Mariengymnasium Papenburg"]
[PlyCount "61"]
[WhiteFideId "24634662"]
[EventCountry "GER"]
[EventRounds "7"]
[EventType "team-swiss"]
[EventDate "2011.05.12"]

1. e4 e5 2. Nf3 Nc6 3. Bb5 Nf6 4. d3 h6 5. O-O Bc5 6. Bxc6 bxc6 7. Nxe5 O-O 8.
Nc3 Bb7 9. Be3 Bb6 10. Qd2 d6 11. Nc4 d5 12. Nxb6 axb6 13. e5 d4 14. exf6 dxe3
15. fxe3 gxf6 16. Ne4 f5 17. Ng3 c5 18. Nxf5 h5 19. e4 f6 20. Qh6 Qd7 21. Rf3
Kf7 22. Qxh5+ Ke6 23. Rg3 Rf7 24. Qg4 Ke5 25. c3 Ra4 26. b3 Ra3 27. d4+ cxd4
28. cxd4+ Ke6 29. d5+ Ke5 30. Rf3 Qb5 31. Qf4# 1-0

[Event "DSM WK M 2011"]
[Site "Karlsruhe GER"]
[Date "2011.05.13"]
[Round "2"]
[White "Kroupa, Andriana"]
[Black "Kühnel, Lena"]
[Result "0-1"]
[Termination "normal"]
[Board "4.2"]
[WhiteElo "800"]
[BlackElo "1863"]
[WhiteTeam "Mariengymnasium Papenburg"]
[BlackTeam "Lise-Meitner-Gymnasium Königsbach-Stein"]
[PlyCount "75"]
[BlackFideId "24640956"]
[EventCountry "GER"]
[EventRounds "7"]
[EventType "team-swiss"]
[EventDate "2011.05.12"]

1. d4 d5 2. Nf3 Nf6 3. Nc3 Bf5 4. Bg5 Nbd7 5. Ne5 e6 6. Nxd7 Qxd7 7. Bxf6 gxf6
8. f3 Bb4 9. Qd2 O-O-O 10. a3 Ba5 11. b4 Bb6 12. e4 dxe4 13. fxe4 Qxd4 14. Rd1
Qe5 15. Bd3 Bg4 16. Ne2 f5 17. h3 Bh5 18. c4 fxe4 19. Bxe4 Rxd2 20. Rxd2 Qxe4
21. c5 Bxe2 22. Rxe2 Qb1+ 23. Kd2 Rd8+ 24. Ke3 Bxc5+ 25. bxc5 Qxh1 26. Ke4 Qb1+
27. Kf4 Rd4+ 28. Ke5 Qa1 29. Kf6 Re4+ 30. Kxf7 Rxe2 31. g4 Rf2+ 32. Kxe6 Qe1+
33. Kd5 Rd2+ 34. Kc4 Qc1+ 35. Kb5 c6+ 36. Kb4 Rb2+ 37. Ka4 Qc4+ 38. Ka5 0-1

[Event "DSM WK M 2011"]
[Site "Karlsruhe GER"]
[Date "2011.05.13"]
[Round "2"]
[White "Schulte, Katharina"]
[Black "Kauselmann, Laura"]
[Result "1/2-1/2"]
[Termination "normal"]
[Board "4.4"]
[WhiteElo "800"]
[BlackElo "899"]
[WhiteTeam "Mariengymnasium Papenburg"]
[BlackTeam "Lise-Meitner-Gymnasium Königsbach-Stein"]
[PlyCount "47"]
[EventCountry "GER"]
[EventRounds "7"]
[EventType "team-swiss"]
[EventDate "2011.05.12"]

1. e4 e5 2. Nf3 Nc6 3. Bc4 Nf6 4. Nc3 Bb4 5. d3 O-O 6. Bg5 h6 7. Bh4 d6 8. h3
Bd7 9. O-O a6 10. Nd5 Be6 11. b3 Bxd5 12. Bxd5 Nd4 13. Nxd4 exd4 14. Bxb7 Rb8
15. Bd5 Qe7 16. Qe2 Qe5 17. Rab1 Nxd5 18. Ra1 Nc3 19. Qf3 Rfe8 20. Bg3 Qe6 21.
Rfe1 Nb5 22. Re2 c6 23. e5 d5 24. Rb1 1/2-1/2

[Event "DSM WK M 2011"]
[Site "Karlsruhe GER"]
[Date "2011.05.13"]
[Round "2"]
[White "Wiesner, Paula"]
[Black "Berger, Nadja"]
[Result "1/2-1/2"]
[Termination "normal"]
[Board "5.1"]
[WhiteElo "1642"]
[BlackElo "1710"]
[WhiteTeam "Goethe-Gymnasium Karlsruhe"]
[BlackTeam "Friedrich-Dessauer-Gymnasium Aschaffenburg"]
[PlyCount "32"]
[WhiteFideId "24654019"]
[BlackFideId "24692212"]
[EventCountry "GER"]
[EventRounds "7"]
[EventType "team-swiss"]
[EventDate "2011.05.12"]

1. e4 c5 2. c3 d6 3. d4 Nf6 4. Bd3 Nc6 5. Nf3 e6 6. O-O Be7 7. h3 a6 8. Be3 b5
9. b3 Bb7 10. Qe2 O-O 11. Nbd2 Qa5 12. c4 b4 13. d5 exd5 14. cxd5 Na7 15. Nc4
Qc7 16. Bd2 Nb5 1/2-1/2

[Event "DSM WK M 2011"]
[Site "Karlsruhe GER"]
[Date "2011.05.13"]
[Round "2"]
[White "Künstler, Tabea"]
[Black "Ketterer, Beatrice"]
[Result "1-0"]
[Termination "normal"]
[Board "5.2"]
[WhiteElo "1254"]
[BlackElo "781"]
[WhiteTeam "Friedrich-Dessauer-Gymnasium Aschaffenburg"]
[BlackTeam "Goethe-Gymnasium Karlsruhe"]
[PlyCount "71"]
[BlackFideId "12983411"]
[EventCountry "GER"]
[EventRounds "7"]
[EventType "team-swiss"]
[EventDate "2011.05.12"]

1. c4 e5 2. Nc3 Nc6 3. g3 Nf6 4. Bg2 Bc5 5. Nf3 O-O 6. O-O d6 7. d3 Bg4 8. e4
a6 9. Qb3 Rb8 10. Nh4 Na5 11. Qa4 Nc6 12. Nf5 Bxf5 13. exf5 Nd4 14. b4 Bb6 15.
Bh3 c5 16. b5 axb5 17. Nxb5 Nxb5 18. Qxb5 Re8 19. Rb1 Bc7 20. Re1 Qc8 21. Kg2
Ra8 22. Re2 Ra3 23. Bxa3 b6 24. Qc6 Qa8 25. Qxa8 Rxa8 26. Bc1 g6 27. fxg6 fxg6
28. Be6+ Kg7 29. f4 exf4 30. Bxf4 h5 31. Rd1 Re8 32. d4 cxd4 33. Rxd4 Re7 34.
Bxd6 Bd8 35. Bxe7 Bxe7 36. Rb2 1-0

[Event "DSM WK M 2011"]
[Site "Karlsruhe GER"]
[Date "2011.05.13"]
[Round "2"]
[White "Henke, Hanna"]
[Black "Schwind, Clara"]
[Result "0-1"]
[Termination "normal"]
[Board "5.3"]
[WhiteElo "800"]
[BlackElo "1313"]
[WhiteTeam "Goethe-Gymnasium Karlsruhe"]
[BlackTeam "Friedrich-Dessauer-Gymnasium Aschaffenburg"]
[PlyCount "88"]
[WhiteFideId "12964441"]
[BlackFideId "12964581"]
[EventCountry "GER"]
[EventRounds "7"]
[EventType "team-swiss"]
[EventDate "2011.05.12"]

1. e4 c5 2. c3 Nc6 3. Nf3 g6 4. d4 cxd4 5. cxd4 Bg7 6. Be3 Nf6 7. Nc3 d5 8.
exd5 Nxd5 9. Nxd5 Qxd5 10. Nd2 Qd8 11. Bb5 Bxd4 12. Bxc6+ bxc6 13. Bxd4 Qxd4
14. Nf3 Qxb2 15. Qa4 Qxa1+ 16. Ke2 Qb2+ 17. Kd3 Qb5+ 18. Qxb5 cxb5 19. Ke2 Bg4
20. h3 Bxf3+ 21. Kxf3 Rc8 22. Rb1 a6 23. Rb3 e6 24. Ra3 Rc6 25. Kg4 Ke7 26. Kg5
h6+ 27. Kf4 Rhc8 28. g4 Rc4+ 29. Kf3 Rc3+ 30. Rxc3 Rxc3+ 31. Kg2 Ra3 32. f3
Rxa2+ 33. Kg3 b4 34. Kf4 b3 35. g5 Ra4+ 36. Kg3 hxg5 37. Kf2 b2 38. Kg3 b1=Q
39. Kf2 Qc2+ 40. Kg3 Qd2 41. f4 Qxf4+ 42. Kg2 Ra2+ 43. Kg1 Qf2+ 44. Kh1 Qh2#
0-1

[Event "DSM WK M 2011"]
[Site "Karlsruhe GER"]
[Date "2011.05.13"]
[Round "2"]
[White "Fuks, Polina"]
[Black "Kipp, Emma"]
[Result "1-0"]
[Termination "normal"]
[Board "5.4"]
[WhiteElo "1070"]
[BlackElo "800"]
[WhiteTeam "Friedrich-Dessauer-Gymnasium Aschaffenburg"]
[BlackTeam "Goethe-Gymnasium Karlsruhe"]
[PlyCount "55"]
[EventCountry "GER"]
[EventRounds "7"]
[EventType "team-swiss"]
[EventDate "2011.05.12"]

1. e4 e5 2. Nf3 Nc6 3. Bb5 Bb4 4. O-O Nf6 5. Re1 O-O 6. c3 Bc5 7. Bxc6 bxc6 8.
Nxe5 Bd6 9. Nf3 Ba6 10. d4 Bc4 11. e5 Bxe5 12. Nxe5 Be6 13. Bg5 h6 14. Bh4 Qe8
15. Bxf6 gxf6 16. Nd2 fxe5 17. Rxe5 d6 18. Re1 Rb8 19. b3 a5 20. c4 Qc8 21. Nf3
Bg4 22. Qd3 Bxf3 23. Qxf3 Qb7 24. Re4 Qb4 25. Rg4+ Kh7 26. Qf5+ Kh8 27. Qf6+
Kh7 28. Qg7# 1-0

[Event "DSM WK M 2011"]
[Site "Karlsruhe GER"]
[Date "2011.05.13"]
[Round "2"]
[White "Hillmer, Nicole"]
[Black "Krein, Jana"]
[Result "1-0"]
[Termination "normal"]
[Board "6.1"]
[WhiteElo "1204"]
[BlackElo "1088"]
[WhiteTeam "Gymnasium Neureut"]
[BlackTeam "Auguste-Viktoria-Gymnasium Trier"]
[PlyCount "142"]
[BlackFideId "12937762"]
[EventCountry "GER"]
[EventRounds "7"]
[EventType "team-swiss"]
[EventDate "2011.05.12"]

1. e4 e5 2. Nf3 Nc6 3. Bc4 Nf6 4. d3 Bc5 5. Be3 Bb6 6. Nc3 d6 7. h3 O-O 8. O-O
Be6 9. Bb3 Qe7 10. d4 exd4 11. Bxd4 Bxb3 12. axb3 Nxd4 13. Nxd4 Rfe8 14. Re1
Qe5 15. Nf3 Qc5 16. Qd2 Qc6 17. e5 Nd7 18. exd6 Rxe1+ 19. Rxe1 Qxd6 20. Qxd6
cxd6 21. Nd5 Bd8 22. Re8+ Nf8 23. Ne7+ Bxe7 24. Rxa8 Bf6 25. c3 g6 26. Rxa7 b6
27. Rb7 Bd8 28. Ng5 Bxg5 29. Rxb6 Be7 30. b4 Kg7 31. b3 Kf6 32. Kf1 Ke6 33. Ke2
Nd7 34. Rb7 Bf6 35. Kd3 h5 36. f4 d5 37. g4 hxg4 38. hxg4 Kd6 39. Ra7 Bd8 40.
g5 Bc7 41. c4 dxc4+ 42. bxc4 Kc6 43. Ke4 f5+ 44. Kf3 Nb6 45. Ra5 Kb7 46. Rb5
Ka6 47. Rc5 Kb7 48. b5 Nc8 49. Rc6 Nd6 50. c5 Nxb5 51. Rxg6 Nd4+ 52. Ke3 Nb3
53. c6+ Kb6 54. Rf6 Nc5 55. Rxf5 Kxc6 56. Rf6+ Bd6 57. Kf3 Nd7 58. Rh6 Kc7 59.
Kg4 Bf8 60. Rh7 Kd8 61. Kf5 Ke8 62. g6 Kd8 63. g7 Bxg7 64. Rxg7 Nf8 65. Rg8 Ke7
66. Rg7+ Ke8 67. Kf6 Nd7+ 68. Rxd7 Kxd7 69. Kf7 Kd6 70. f5 Kd7 71. f6 Kd8 1-0

[Event "DSM WK M 2011"]
[Site "Karlsruhe GER"]
[Date "2011.05.13"]
[Round "2"]
[White "Kim, Yu-Mi"]
[Black "Schweiger, Yasmin"]
[Result "1-0"]
[Termination "normal"]
[Board "6.2"]
[WhiteElo "1107"]
[BlackElo "1063"]
[WhiteTeam "Auguste-Viktoria-Gymnasium Trier"]
[BlackTeam "Gymnasium Neureut"]
[PlyCount "113"]
[WhiteFideId "12955361"]
[EventCountry "GER"]
[EventRounds "7"]
[EventType "team-swiss"]
[EventDate "2011.05.12"]

1. e4 c6 2. d4 d5 3. Nc3 dxe4 4. Nxe4 Bf5 5. Ng3 Bg6 6. h4 h6 7. h5 Bh7 8. Nf3
e6 9. Bf4 Nf6 10. Bd3 Nbd7 11. Qd2 Bxd3 12. Qxd3 Nd5 13. Be3 Nxe3 14. fxe3 Nf6
15. Qb3 Rb8 16. e4 Qc7 17. e5 Nd5 18. c4 Nb6 19. Ne4 Be7 20. O-O Rd8 21. Nd6+
Bxd6 22. exd6 Rxd6 23. c5 Rd7 24. Ne5 Re7 25. cxb6 axb6 26. Rad1 O-O 27. Qh3
Qd6 28. Qg4 b5 29. Rf6 Kh8 30. Ng6+ Kg8 31. Nxe7+ Qxe7 32. Rxh6 Qb4 33. Rd3 Re8
34. Rg3 Qe1+ 35. Kh2 Kf8 36. Qxg7+ Ke7 37. Qf6+ Kd7 38. Qxf7+ Re7 39. Qf4 Qb4
40. Rb3 Qc4 41. Rf6 Qd5 42. Qe5 Rh7 43. Qxd5+ exd5 44. g4 Ke7 45. Rbf3 Rg7 46.
Kh3 Rh7 47. Kh4 Kd7 48. Rf7+ Rxf7 49. Rxf7+ Kc8 50. h6 Kb8 51. h7 Ka7 52. h8=Q
Kb6 53. Qb8 b4 54. b3 c5 55. Qxb7+ Ka5 56. dxc5 d4 57. Qb6# 1-0